| 000 | 00426nam a2200157 i 4500 | ||
|---|---|---|---|
| 001 | 50598 | ||
| 003 | ES-MaACL | ||
| 005 | 20230906162215.0 | ||
| 007 | t| | ||
| 008 | 030805s1947 sp ||||1| spa d | ||
| 100 | 1 |
_aChacón, Juan José. _937759 |
|
| 245 | 1 | 0 |
_aArbol de horas / _cJuan José Chacón. |
| 260 |
_aMadrid : _b[.n.], _c[1947] ( _fImp. Soler) |
||
| 300 |
_a32 p. ; _c21 cm. |
||
| 852 |
_aES-MaACL _j1884-F-4 _bR.25873 |
||
| 999 |
_c50598 _d50598 |
||